000
00284nam a2200109Ia 4500
008
200302s9999 xx 000 0 und d
100
_a
Umut toker
245
_a
Making Community Design Work
260
_b
American Planning Association Planners Press
260
_c
2012
300
_a
218 P.,
999
_c
5427
_d
5427